| 000 | 00671cab a22001935a 4500 | ||
|---|---|---|---|
| 001 | L141490 | ||
| 008 | 071127e20071123xxk f 000 0 eng d | ||
| 035 | _a(Sirsi) u141490 | ||
| 041 | 0 | _aeng | |
| 100 | 1 | _aRawlinson, Simon | |
| 245 | 0 | 0 |
_aProcurement _bframeworks |
| 260 | _c2007 | ||
| 490 | 0 |
_aBuilding _v272(8507) 23 November 2007, 66-69(4) |
|
| 520 | _aFocus on framework agreements. Outlines the objectives and benefits of frameworks, and explains key aspects of framework management. Provides case studies for a public sector client and a private sector developer. | ||
| 590 | _aKA | ||
| 651 | 4 |
_aUnited Kingdom _y |
|
| 690 |
_aProcurement _96260 |
||
| 942 | _n0 | ||
| 999 |
_c79510 _d79510 |
||